|
|
|
|
| LEADER |
00000nas a2200000 i 4500 |
| 001 |
ssj0000914740 |
| 003 |
WaSeSS |
| 005 |
20200512172242.0 |
| 006 |
m d |
| 007 |
cr n |
| 008 |
120530c20119999nyuar p s 0 a0eng c |
| 010 |
|
|
|a 2013238583
|
| 016 |
7 |
|
|a 019264563
|2 Uk
|
| 022 |
|
|
|a 2090-4053
|l 2090-4045
|
| 035 |
|
|
|a (WaSeSS)ssj0000914740
|
| 040 |
|
|
|a CNCGM
|b eng
|e pn
|c CNCGM
|d OCLCQ
|d YAM
|d IUL
|d OCLCF
|d CUS
|d OCLCO
|d DLC
|d OCLCQ
|d UKMGB
|d VT2
|d WaSeSS
|
| 042 |
|
|
|a pcc
|
| 050 |
0 |
0 |
|a GN1
|
| 210 |
0 |
|
|a J. anthropol.
|
| 222 |
|
0 |
|a Journal of Anthropology
|b (2010) (Online)
|
| 245 |
0 |
0 |
|a Journal of anthropology
|h [electronic resource].
|
| 260 |
|
|
|a New York, NY :
|b Hindawi Publishing Corporation,
|c [2011]-
|
| 310 |
|
|
|a Annual
|
| 362 |
1 |
|
|a Began with Volume 2011, article ID 314147.
|
| 506 |
|
|
|a License restrictions may limit access.
|
| 515 |
|
|
|a Articles added intermittently throughout the year, grouped by year, with each article also assigned an article ID no.
|
| 588 |
|
|
|a Description based on: Volume 2011, article ID 314147; title from journal home page (publisher's Web site viewed Dec. 28, 2011).
|
| 588 |
|
|
|a Latest issue consulted: Volume 2016, article ID 9479051(publisher's Web site, viewed June 1, 2016).
|
| 650 |
|
0 |
|a Anthropology
|v Periodicals.
|
| 650 |
|
7 |
|a Anthropology.
|2 fast
|0 (OCoLC)fst00810196
|
| 655 |
|
0 |
|a Electronic journals.
|
| 710 |
2 |
|
|a Hindawi Publishing Corporation.
|
| 776 |
0 |
8 |
|i Print version:
|t Journal of anthropology
|x 2090-4045
|
| 850 |
|
|
|a DLC
|
| 856 |
4 |
0 |
|z Full text available from Research Library: 01/01/2012 to 01/31/2017
|u https://search.proquest.com/publication/1136341
|